000 00873nam0a22002771 4500
001 rc\4332440
005 20250612051844.0
021 _aRU
_b[64-71303]
035 _a(NLR Aleph) 008518653
090 _a8214390
_c8214390
100 _a20130416d1964 |||y0rusy50 ca
101 0 _arus
102 _aRU
105 _aa z |||||
200 1 _aПериодонтит
_eКлиника и медикаментозное лечение
210 _aМосква
_cМедицина
_d1964
215 _a120 с.
_cил.
_d20
225 1 _aБиблиотека практического врача
320 _aБиблиогр.: с. 114-120
606 _aПериодонтит
_2psbo
700 1 _aГрошиков
_bМ.И.
_gМихаил Иосифович
801 0 _aRU
_bNLR
_gpsbo
801 1 _aRU
_bELAR
_2rusmarc
852 _aNLR
_j64-3/5496
942 _cBOOK
980 _aNB